00309nam a2200133Ia 45000030006000000080041000060400015000471000022000622450043000842500010001272600009001375460012001460050017001580STCL150530s9999 xx 000 0 und d aSTCLcSTCL aMohammed J. Kabir aBuilding PHP Projects and Applications aFirst c2003 aEnglish20220125160217.0